000 00714nam a2200241 i 4500
001 C2-0329866
003 PPAK
005 20180728130826.0
008 150204s2005 my |||| ||||| | may d
020 _a9832440130
040 _aPPAK
_beng
_cPPAK
_erda
082 0 4 _a899.231
_223
090 0 0 _a899.231
_bKAS
_dKIH
245 0 0 _aKasih Itu Kesabaran
_bhimpunan karya penerima hadiah sastera Darul Ta'zim keempat
264 1 _aJohor Bahru, Johor :
_bYayasan Warisan Johor ,
_c2005
300 _axxxv, 177 pages ;
_c23 cm.
336 _2rdacontent
_atext
337 _2rdamedia
_aunmediated
338 _2rdacarrier
_avolume
650 1 0 _aMalay literature
700 0 _aZam Ismail,
_eeditor
942 _ddc
_cB
999 _c129026
_d129026